[Event "Reykjavik op"]
[Site "Reykjavik"]
[Date "2016.03.11"]
[Round "5"]
[White "Harringer, Manfred"]
[Black "Edel, Fenja"]
[Result "1-0"]
[WhiteElo "2016"]
[BlackElo "1721"]
[PlyCount "37"]
[EventDate "2016.03.08"]
[EventType "swiss"]
[EventRounds "10"]
[EventCountry "ISL"]
[SourceTitle "CBM 171 Extra"]
[Source "ChessBase"]
[SourceDate "2016.04.26"]
[SourceVersion "1"]
[SourceVersionDate "2016.04.26"]
[SourceQuality "1"]

1. e4 e6 2. Qe2 c6 3. Nf3 d5 4. d3 Nf6 5. g3 Be7 6. Bg2 0-0 7. 0-0 c5 8. c3 Nc6 9. Rd1 d4 10. e5 Nd5 11. c4 Nc7 12. h4 Bd7 13. Bg5 f6 14. exf6 Bxf6 15. Nbd2 Rc8 16. Ne4 Bxg5 17. Nfxg5 Qe7 18. Qh5 h6 19. Qg6 1-0

[Event "Rostock SSC op 14th"]
[Site "Rostock"]
[Date "2015.07.30"]
[Round "3.19"]
[White "Lechnauer, Uwe"]
[Black "Edel, Fenja"]
[Result "0-1"]
[WhiteElo "1847"]
[BlackElo "1651"]
[PlyCount "120"]
[EventDate "2015.07.29"]
[EventType "swiss"]
[EventRounds "7"]
[EventCountry "GER"]
[SourceTitle "EXT 2019"]
[Source "ChessBase"]
[SourceDate "2018.10.10"]
[SourceVersion "1"]
[SourceVersionDate "2018.10.10"]
[SourceQuality "1"]

1. e4 e6 2. d4 d5 3. Nc3 Nf6 4. e5 Nfd7 5. Nf3 c5 6. Be3 Nc6 7. Nb5 cxd4 8. Bxd4 Nxd4 9. Qxd4 Bc5 10. Qh4 Qxh4 11. Nxh4 Ke7 12. f4 a6 13. Nc3 h6 14. g4 b5 15. Bg2 Rb8 16. Ke2 Bb7 17. Rad1 g5 18. fxg5 hxg5 19. Nf3 d4 20. Nb1 Bxf3+ 21. Bxf3 Nxe5 22. Nd2 Rh3 23. Rdf1 Ba7 24. Ne4 Nxg4 25. Nxg5 Rxh2+ 26. Rxh2 Nxh2 27. Rh1 Nxf3 28. Kxf3 Rg8 29. Ne4 Rc8 30. c3 dxc3 31. bxc3 Bc5 32. Rh5 Ba3 33. Ke2 Rc4 34. Kd3 Ra4 35. Rh2 Bd6 36. Rg2 Be5 37. Rc2 Rc4 38. Nd2 Rg4 39. Nf3 Bf6 40. Nd4 e5 41. Nc6+ Kd6 42. Na5 e4+ 43. Ke3 Bg5+ 44. Kd4 f5 45. c4 Bf6+ 46. Ke3 Rg3+ 47. Kf2 Rc3 48. Rd2+ Kc7 49. Rd5 Bh4+ 50. Kg2 bxc4 51. Rxf5 Kb6 52. Rh5 Be1 53. Kf1 Bd2 54. Ke2 e3 55. Nxc4+ Rxc4 56. Kd3 Rc5 57. Rh1 Rc3+ 58. Ke2 Kb5 59. Rb1+ Ka4 60. Rb8 Rc1 0-1

[Event "Rostock SSC op 14th"]
[Site "Rostock"]
[Date "2015.07.29"]
[Round "1.17"]
[White "Kutschke, Peter"]
[Black "Edel, Fenja"]
[Result "1-0"]
[WhiteElo "2058"]
[BlackElo "1651"]
[PlyCount "39"]
[EventDate "2015.07.29"]
[EventType "swiss"]
[EventRounds "7"]
[EventCountry "GER"]
[SourceTitle "EXT 2019"]
[Source "ChessBase"]
[SourceDate "2018.10.10"]
[SourceVersion "1"]
[SourceVersionDate "2018.10.10"]
[SourceQuality "1"]

1. e4 e6 2. c4 d5 3. cxd5 exd5 4. exd5 Qxd5 5. Nc3 Qd8 6. d4 Bd6 7. Bd3 Ne7 8. Nf3 0-0 9. 0-0 Ng6 10. Ng5 h6 11. Nxf7 Rxf7 12. Bxg6 Bxh2+ 13. Kh1 Rf8 14. Qh5 Bd6 15. Ne4 Be7 16. Bxh6 gxh6 17. Qxh6 Rf7 18. Bxf7+ Kxf7 19. Qh7+ Ke8 20. Rfe1 1-0

[Event "Niedersachsen-ch U16/18 Girls"]
[Site "Norderney"]
[Date "2014.04.15"]
[Round "6"]
[White "Edel, Fenja"]
[Black "Nguyen, Thu Ha1111"]
[Result "1-0"]
[WhiteElo "1597"]
[BlackElo "1284"]
[PlyCount "43"]
[EventDate "2014.04.??"]
[EventType "tourn"]
[EventRounds "9"]
[EventCountry "GER"]
[SourceTitle "EXT 2017"]
[Source "ChessBase"]
[SourceDate "2016.10.25"]
[SourceVersion "1"]
[SourceVersionDate "2016.10.25"]
[SourceQuality "1"]

1. e4 e6 2. d4 d5 3. exd5 exd5 4. c4 Nf6 5. Nc3 Nc6 6. cxd5 Nxd5 7. Bb5 Be7 8. Bxc6+ bxc6 9. Nge2 0-0 10. 0-0 Qd6 11. Re1 Be6 12. Ne4 Qb4 13. h3 Qb6 14. N2c3 Nxc3 15. bxc3 h6 16. Be3 Qa5 17. Qc1 Bd5 18. Ng3 Bf6 19. Nh5 Bxd4 20. Bxd4 f6 21. Re7 Bxg2 22. Rxg7+ 1-0

[Event "GER-chT Lands U20"]
[Site "Hannover"]
[Date "2013.10.04"]
[Round "5.5"]
[White "Edel, Fenja"]
[Black "Mueller, Sophie Elisabeth"]
[Result "0-1"]
[WhiteElo "1700"]
[BlackElo "1417"]
[PlyCount "92"]
[EventDate "2013.10.02"]
[EventType "team-swiss"]
[EventRounds "7"]
[EventCountry "GER"]
[SourceTitle "EXT 2014"]
[Source "ChessBase"]
[SourceDate "2013.11.20"]
[SourceVersion "1"]
[SourceVersionDate "2013.11.20"]
[SourceQuality "1"]
[WhiteTeam "Team Nord"]
[BlackTeam "Saarland"]
[WhiteTeamCountry "GER"]
[BlackTeamCountry "SAA"]

1. e4 c5 2. b3 Nc6 3. Bb2 d6 4. Bb5 a6 5. Bxc6+ bxc6 6. f4 d5 7. e5 e6 8. Nf3 Ne7 9. 0-0 Ng6 10. Ne1 Qb6 11. Kh1 c4 12. d4 cxb3 13. cxb3 c5 14. Nc3 cxd4 15. Na4 Qb5 16. Nd3 Bd7 17. Bxd4 Be7 18. Nb6 Rb8 19. Nxd7 Qxd7 20. Nc5 Bxc5 21. Bxc5 Rc8 22. Bd6 Ne7 23. Rc1 Nf5 24. Bc5 Ne7 25. Qd3 Qb5 26. Qxb5+ axb5 27. Bd6 Kd7 28. g3 Nf5 29. Bb4 Rxc1 30. Rxc1 Rc8 31. Rxc8 Kxc8 32. Bc5 Kd7 33. Kg2 Ne7 34. Bxe7 Kxe7 35. a4 bxa4 36. bxa4 Kd7 37. Kf3 Kc6 38. Ke3 Kc5 39. h4 Kb4 40. h5 Kxa4 41. Kd4 Kb5 42. g4 g6 43. hxg6 hxg6 44. f5 gxf5 45. gxf5 Kb4 46. Kd3 exf5 0-1

[Event "GER-chT Lands U20"]
[Site "Hannover"]
[Date "2013.10.04"]
[Round "4.5"]
[White "Lagunow, Elina"]
[Black "Edel, Fenja"]
[Result "1-0"]
[WhiteElo "1678"]
[BlackElo "1700"]
[PlyCount "103"]
[EventDate "2013.10.02"]
[EventType "team-swiss"]
[EventRounds "7"]
[EventCountry "GER"]
[SourceTitle "EXT 2014"]
[Source "ChessBase"]
[SourceDate "2013.11.20"]
[SourceVersion "1"]
[SourceVersionDate "2013.11.20"]
[SourceQuality "1"]
[WhiteTeam "Berlin"]
[BlackTeam "Team Nord"]
[WhiteTeamCountry "GER"]
[BlackTeamCountry "GER"]

1. Nf3 d5 2. g3 Bg4 3. Bg2 Nd7 4. 0-0 e5 5. d3 Ngf6 6. c4 c6 7. h3 Bxf3 8. Bxf3 Bc5 9. Nc3 Nb6 10. Qb3 0-0 11. Bg5 d4 12. Ne4 Be7 13. Bxf6 Bxf6 14. Nxf6+ Qxf6 15. c5 Nd7 16. Qxb7 Nxc5 17. Qxc6 Qxc6 18. Bxc6 Rac8 19. Bg2 Na4 20. b3 Nc3 21. Bf3 f5 22. b4 e4 23. dxe4 fxe4 24. Bg4 Rcd8 25. Rac1 Nxa2 26. Be6+ Kh8 27. Bxa2 Rfe8 28. Rfd1 d3 29. exd3 exd3 30. Bc4 d2 31. Rb1 Re7 32. Kf1 Rc7 33. Bb3 Rb7 34. Be6 Re7 35. Bg4 Rc7 36. Rb2 Rc1 37. Rbxd2 Rxd1+ 38. Rxd1 Rxd1+ 39. Bxd1 Kg8 40. Ke2 Kf7 41. Ke3 Kf6 42. f4 Ke6 43. Kd4 Kd6 44. Bf3 Kd7 45. g4 Kd6 46. f5 Kd7 47. Kd5 h6 48. h4 Kd8 49. g5 hxg5 50. hxg5 Kd7 51. f6 gxf6 52. gxf6 1-0

[Event "GER-chT Lands U20"]
[Site "Hannover"]
[Date "2013.10.03"]
[Round "3.5"]
[White "Edel, Fenja"]
[Black "Schumann, Rabea"]
[Result "0-1"]
[WhiteElo "1700"]
[BlackElo "1690"]
[PlyCount "118"]
[EventDate "2013.10.02"]
[EventType "team-swiss"]
[EventRounds "7"]
[EventCountry "GER"]
[SourceTitle "EXT 2014"]
[Source "ChessBase"]
[SourceDate "2013.11.20"]
[SourceVersion "1"]
[SourceVersionDate "2013.11.20"]
[SourceQuality "1"]
[WhiteTeam "Team Nord"]
[BlackTeam "Mecklenburg Vorpommern"]
[WhiteTeamCountry "GER"]
[BlackTeamCountry "GER"]

1. e4 c5 2. Nc3 Nc6 3. Bb5 g6 4. Bxc6 bxc6 5. f4 Bg7 6. Nf3 e6 7. d3 d5 8. 0-0 Ne7 9. Qe1 0-0 10. Qh4 f5 11. e5 Re8 12. b3 c4 13. dxc4 dxc4 14. Rd1 Qb6+ 15. Kh1 cxb3 16. cxb3 Nd5 17. Na4 Qb4 18. Bd2 Qe7 19. Qf2 Bf8 20. Rac1 Qa3 21. Nd4 c5 22. Nb5 Qxa2 23. Qf3 c4 24. Nbc3 Qxb3 25. Rb1 Qa3 26. Nxd5 exd5 27. Qxd5+ Be6 28. Qc6 Rac8 29. Qb5 Rb8 30. Qa5 Rxb1 31. Rxb1 Qd3 32. Rg1 Qd4 33. Bc1 Rc8 34. Qa6 Kf7 35. Qb7+ Qd7 36. Qxd7+ Bxd7 37. Nc3 Ke6 38. Rd1 Bc6 39. Kg1 Bb4 40. Bb2 Rc7 41. Ne2 Bc5+ 42. Kf1 Rd7 43. Rxd7 Bxd7 44. Bd4 Bxd4 45. Nxd4+ Kd5 46. Ne2 a5 47. Ke1 a4 48. Kd2 Ke4 49. g3 Kf3 50. Nd4+ Kg2 51. e6 Be8 52. Kc3 Kxh2 53. Ne2 a3 54. e7 Kg2 55. Kc2 Kf2 56. Nd4 Kxg3 57. Ne6 h5 58. Ng7 Ba4+ 59. Kb1 h4 0-1

[Event "GER-chT Lands U20"]
[Site "Hannover"]
[Date "2013.10.03"]
[Round "2.5"]
[White "Evers, Annika"]
[Black "Edel, Fenja"]
[Result "1-0"]
[WhiteElo "1845"]
[BlackElo "1700"]
[PlyCount "77"]
[EventDate "2013.10.02"]
[EventType "team-swiss"]
[EventRounds "7"]
[EventCountry "GER"]
[SourceTitle "EXT 2014"]
[Source "ChessBase"]
[SourceDate "2013.11.20"]
[SourceVersion "1"]
[SourceVersionDate "2013.11.20"]
[SourceQuality "1"]
[WhiteTeam "Niedersachsen II"]
[BlackTeam "Team Nord"]
[WhiteTeamCountry "GER"]
[BlackTeamCountry "GER"]

1. d4 d5 2. Nf3 Nf6 3. e3 c6 4. Nbd2 Bg4 5. Be2 e6 6. 0-0 Bd6 7. b3 Nbd7 8. Bb2 0-0 9. h3 Bh5 10. Ne5 Bxe2 11. Qxe2 Ne4 12. Rfd1 Bb4 13. Nxe4 dxe4 14. c4 Bd6 15. Kh1 f5 16. Rac1 Bxe5 17. dxe5 Qc7 18. Rd6 Rfe8 19. Bd4 Rad8 20. Rd1 c5 21. Bb2 Nf8 22. Qd2 Rc8 23. Kg1 Kh8 24. Qe2 Kg8 25. Bc3 b6 26. f4 Kh8 27. Be1 Kg8 28. Bh4 Kh8 29. R1d2 Kg8 30. Qd1 Kh8 31. Kf1 Kg8 32. Qe2 Kh8 33. g4 Kg8 34. Qd1 Qf7 35. Rg2 Ng6 36. Rd7 Nxh4 37. Rxf7 Nxg2 38. Qd7 Nxe3+ 39. Ke2 1-0

[Event "GER-ch U25 op-A"]
[Site "Oberhof"]
[Date "2013.05.25"]
[Round "9"]
[White "Herbrig, Marie Helen"]
[Black "Edel, Fenja"]
[Result "0-1"]
[WhiteElo "1762"]
[BlackElo "1635"]
[PlyCount "126"]
[EventDate "2013.05.19"]
[EventType "swiss"]
[EventRounds "9"]
[EventCountry "GER"]
[SourceTitle "CBM 154 Extra"]
[Source "ChessBase"]
[SourceDate "2013.06.25"]
[SourceVersion "2"]
[SourceVersionDate "2013.06.25"]
[SourceQuality "1"]

1. e4 e6 2. d4 d5 3. e5 c5 4. c3 Nc6 5. Nf3 Qb6 6. a3 a5 7. Bd3 Bd7 8. Bc2 Nh6 9. 0-0 a4 10. Re1 Nf5 11. Bxa4 Nxe5 12. Bc2 Nxf3+ 13. Qxf3 Ne7 14. dxc5 Qxc5 15. Nd2 Bc6 16. Nb3 Qb6 17. Nd4 Ng6 18. a4 Be7 19. b4 0-0 20. Qg3 Bh4 21. Qf3 Bf6 22. Be3 Qc7 23. Rec1 e5 24. Nxc6 Qxc6 25. Bc5 e4 26. Qe3 Rfd8 27. a5 Ne5 28. Ba4 Qe6 29. Bb5 Qg4 30. Be2 Qg6 31. Rd1 Bg5 32. Qg3 Nc6 33. Qc7 Rab8 34. b5 Rdc8 35. Qg3 Nd8 36. Rxd5 Bf6 37. Bg4 Ne6 38. Bb4 Ra8 39. Qh3 Nf4 40. Qg3 Nxd5 41. Rd1 Rd8 42. Re1 Bxc3 43. Bxc3 Nxc3 44. a6 bxa6 45. bxa6 Rxa6 46. Qc7 Raa8 47. Bh3 Nd5 48. Qc5 Qd6 49. Qc2 Qb4 50. Rc1 g6 51. g3 e3 52. Rb1 exf2+ 53. Kxf2 Qd4+ 54. Kf3 Qe3+ 55. Kg2 Nf4+ 56. Kh1 Nxh3 57. Rf1 Rd2 58. Qc4 Nf2+ 59. Kg2 Ne4+ 60. Kh3 Qh6+ 61. Kg4 Qg5+ 62. Kf3 Qf6+ 63. Ke3 Ra3+ 0-1

[Event "Hannover Ihme Cup"]
[Site "Hannover"]
[Date "2013.05.05"]
[Round "4"]
[White "Traetmar, Mattis"]
[Black "Edel, Fenja"]
[Result "0-1"]
[WhiteElo "1464"]
[BlackElo "1635"]
[PlyCount "78"]
[EventDate "2013.05.03"]
[EventType "swiss"]
[EventRounds "5"]
[EventCountry "GER"]
[SourceTitle "EXT 2021"]
[Source "ChessBase"]
[SourceDate "2020.10.23"]
[SourceVersion "1"]
[SourceVersionDate "2020.10.23"]
[SourceQuality "1"]

1. e4 e6 2. d4 d5 3. Nd2 Nf6 4. e5 Nfd7 5. Ngf3 c5 6. c3 Nc6 7. Be2 Qb6 8. Nb3 cxd4 9. cxd4 Bb4+ 10. Bd2 Bxd2+ 11. Qxd2 0-0 12. 0-0 f6 13. Rac1 fxe5 14. Ng5 Nf6 15. dxe5 Nxe5 16. Qc3 Ng6 17. Qg3 Bd7 18. h4 Ne7 19. Nc5 Nf5 20. Qd3 Rfd8 21. h5 h6 22. Nf3 Nxh5 23. g4 Nf4 24. Qd2 Nxe2+ 25. Qxe2 Ne7 26. Nd4 Ng6 27. f4 Rac8 28. b4 Qxb4 29. Ncxe6 Rxc1 30. Rxc1 Re8 31. f5 Nf4 32. Qe5 Nxe6 33. fxe6 Bxe6 34. Rc7 Bf7 35. Qf4 Qb1+ 36. Kh2 Qxa2+ 37. Rc2 Qa5 38. Rf2 Re7 39. Ne6 Qb6 0-1

[Event "Hannover Ihme Cup"]
[Site "Hannover"]
[Date "2013.05.04"]
[Round "2"]
[White "Edel, Fenja"]
[Black "Chbib, Nabil"]
[Result "0-1"]
[WhiteElo "1635"]
[BlackElo "1620"]
[PlyCount "54"]
[EventDate "2013.05.03"]
[EventType "swiss"]
[EventRounds "5"]
[EventCountry "GER"]
[SourceTitle "EXT 2021"]
[Source "ChessBase"]
[SourceDate "2020.10.23"]
[SourceVersion "1"]
[SourceVersionDate "2020.10.23"]
[SourceQuality "1"]

1. e4 c5 2. Nc3 d6 3. f4 Nc6 4. Bb5 Bd7 5. Nf3 g6 6. 0-0 Bg7 7. d3 Nf6 8. Qe1 0-0 9. Bxc6 Bxc6 10. Qg3 e6 11. Nh4 Nh5 12. Qg4 f5 13. exf5 exf5 14. Qh3 Bd4+ 15. Kh1 Qf6 16. Bd2 b5 17. Rab1 Rae8 18. Nf3 Be3 19. Bxe3 Rxe3 20. Qh4 Rxf3 21. Qxf6 Rxf1+ 22. Rxf1 Nxf6 23. Kg1 Re8 24. g3 Nd5 25. Nxd5 Bxd5 26. a3 Re2 27. Rf2 Rxf2 0-1

[Event "Hannover Ihme Cup"]
[Site "Hannover"]
[Date "2013.05.04"]
[Round "3"]
[White "Schulz, Juergen"]
[Black "Edel, Fenja"]
[Result "1-0"]
[WhiteElo "2009"]
[BlackElo "1635"]
[PlyCount "61"]
[EventDate "2013.05.03"]
[EventType "swiss"]
[EventRounds "5"]
[EventCountry "GER"]
[SourceTitle "EXT 2021"]
[Source "ChessBase"]
[SourceDate "2020.10.23"]
[SourceVersion "1"]
[SourceVersionDate "2020.10.23"]
[SourceQuality "1"]

1. d4 d5 2. Nf3 Nf6 3. Bf4 Bf5 4. Nbd2 c6 5. c3 Nbd7 6. h3 e6 7. e3 Be7 8. Qb3 Qb6 9. Qxb6 axb6 10. a3 0-0 11. Ne5 Nxe5 12. Bxe5 Nd7 13. Bh2 f6 14. Rc1 e5 15. Be2 Rac8 16. 0-0 Bg6 17. f4 e4 18. f5 Bf7 19. c4 Rfd8 20. cxd5 cxd5 21. Bb5 Rxc1 22. Rxc1 Be8 23. Rc7 Bf8 24. Rxb7 h6 25. g4 Kh8 26. Nb1 Kg8 27. Nc3 Kh8 28. Nxd5 Kg8 29. Bxd7 Bxd7 30. Nxb6 Bc6 31. Rb8 1-0

[Event "Niedersachsen-ch U18 Girls"]
[Site "Rotenburg"]
[Date "2013.03.27"]
[Round "7"]
[White "Edel, Fenja"]
[Black "Hinzke, Anna Lena"]
[Result "1/2-1/2"]
[WhiteElo "1635"]
[BlackElo "1550"]
[PlyCount "24"]
[EventDate "2013.03.23"]
[EventType "swiss"]
[EventRounds "9"]
[EventCountry "GER"]
[SourceTitle "EXT 2015"]
[Source "ChessBase"]
[SourceDate "2014.11.20"]
[SourceVersion "1"]
[SourceVersionDate "2014.11.20"]
[SourceQuality "1"]

1. e4 e6 2. d4 d5 3. exd5 exd5 4. Nf3 Nf6 5. c4 Bb4+ 6. Nc3 0-0 7. Be2 dxc4 8. Bxc4 Bg4 9. 0-0 Nc6 10. Be3 Bxf3 11. Qxf3 Nxd4 12. Qxb7 Bxc3 1/2-1/2

[Event "GER-chT U20 Girls"]
[Site "Osnabrueck"]
[Date "2012.12.28"]
[Round "4.2"]
[White "Orhan, Eda"]
[Black "Edel, Fenja"]
[Result "1/2-1/2"]
[WhiteElo "1580"]
[BlackElo "1517"]
[PlyCount "86"]
[EventDate "2012.12.27"]
[EventType "team-swiss"]
[EventRounds "7"]
[EventCountry "GER"]
[SourceTitle "EXT 2014"]
[Source "ChessBase"]
[SourceDate "2013.11.20"]
[SourceVersion "1"]
[SourceVersionDate "2013.11.20"]
[SourceQuality "1"]
[WhiteTeam "Heusweiler SC Reti"]
[BlackTeam "Lingen"]
[WhiteTeamCountry "GER"]
[BlackTeamCountry "GER"]

1. d4 d5 2. Nf3 Nf6 3. e3 Bf5 4. c4 c6 5. cxd5 cxd5 6. Bd3 Bg6 7. 0-0 e6 8. Qb3 Qc7 9. Bd2 Bd6 10. Bb5+ Nc6 11. Bb4 0-0 12. Bxd6 Qxd6 13. Bxc6 bxc6 14. Nbd2 Rab8 15. Qc3 Rfc8 16. Rac1 Nd7 17. Nb3 Qb4 18. Qxb4 Rxb4 19. Rc3 f6 20. Rfc1 Rb6 21. Nh4 Be8 22. f4 Ra6 23. a3 Rb6 24. Nf3 Nf8 25. Ne1 Rcb8 26. Na5 Rxb2 27. Nxc6 Bxc6 28. Rxc6 Rb1 29. Rxb1 Rxb1 30. Kf2 Rb2+ 31. Kf3 Rb1 32. Nc2 Rf1+ 33. Kg3 Rc1 34. Kf2 h6 35. Ke2 Rh1 36. h3 Rc1 37. Kd2 Rf1 38. Ke2 Rc1 39. Nb4 Rxc6 40. Nxc6 a6 41. Nb8 a5 42. a4 Kf7 43. Nc6 Nd7 1/2-1/2

[Event "Hannover-ch U16/18"]
[Site "Lehrte"]
[Date "2012.10.23"]
[Round "1"]
[White "Edel, Fenja"]
[Black "Alpers, Simon"]
[Result "1-0"]
[WhiteElo "1472"]
[BlackElo "897"]
[PlyCount "89"]
[EventDate "2012.10.23"]
[EventType "swiss"]
[EventRounds "7"]
[EventCountry "GER"]
[SourceTitle "EXT 2021"]
[Source "ChessBase"]
[SourceDate "2020.10.23"]
[SourceVersion "1"]
[SourceVersionDate "2020.10.23"]
[SourceQuality "1"]

1. e4 e5 2. Nc3 Nf6 3. Bc4 Bc5 4. d3 h6 5. f4 d6 6. Nf3 Bg4 7. Na4 Bb6 8. Nxb6 axb6 9. fxe5 dxe5 10. Bxf7+ Kf8 11. Bb3 Nc6 12. 0-0 Qe7 13. Qe1 Bxf3 14. Rxf3 Nd4 15. Rf1 Nxb3 16. cxb3 c5 17. Qg3 Kf7 18. Bd2 Rhe8 19. a3 Kg8 20. Bxh6 Nh5 21. Qg6 Qe6 22. Qxh5 Qxh6 23. Qxh6 gxh6 24. Rf6 Kg7 25. Rxb6 Re7 26. Rc1 Rd8 27. Rxc5 Rxd3 28. Rd5 Re3 29. Rdd6 Rf7 30. Rg6+ Kf8 31. Rgf6 Rxe4 32. Rxf7+ Kxf7 33. Rxb7+ Kg6 34. Rb6+ Kg7 35. Kf2 Rh4 36. Kg3 Rf4 37. Re6 Re4 38. Kf3 Re1 39. b4 Kf7 40. Rxh6 e4+ 41. Kf2 Rb1 42. Ke3 Re1+ 43. Kd2 Rb1 44. g3 Rxb2+ 45. Ke3 1-0

[Event "Hannover-ch U16/18"]
[Site "Lehrte"]
[Date "2012.10.23"]
[Round "7"]
[White "Edel, Fenja"]
[Black "Zuerik, Maximilian"]
[Result "1-0"]
[WhiteElo "1472"]
[BlackElo "1070"]
[PlyCount "57"]
[EventDate "2012.10.23"]
[EventType "swiss"]
[EventRounds "7"]
[EventCountry "GER"]
[SourceTitle "EXT 2021"]
[Source "ChessBase"]
[SourceDate "2020.10.23"]
[SourceVersion "1"]
[SourceVersionDate "2020.10.23"]
[SourceQuality "1"]

1. d4 d5 2. Nf3 Nf6 3. e3 Bf5 4. Bd3 Bxd3 5. Qxd3 Nc6 6. 0-0 e6 7. a3 Bd6 8. Nbd2 e5 9. dxe5 Bxe5 10. Nxe5 Nxe5 11. Qb5+ Qd7 12. Qxb7 0-0 13. Qa6 c6 14. Qe2 Rfe8 15. Nf3 Ng6 16. Rd1 Qf5 17. Nd4 Qd7 18. b4 a6 19. Bb2 Nf4 20. Qf3 Ne6 21. Nxe6 Rxe6 22. c4 Qb7 23. cxd5 Nxd5 24. Rac1 Ne7 25. Qg4 Ng6 26. Qd4 f6 27. Qd7 Qxd7 28. Rxd7 Rc8 29. Ra7 1-0

[Event "Niedersachsen-ch U16"]
[Site "Rotenburg"]
[Date "2012.03.31"]
[Round "1"]
[White "Carmesin, Matthias"]
[Black "Edel, Fenja"]
[Result "1-0"]
[WhiteElo "1977"]
[BlackElo "1649"]
[PlyCount "51"]
[EventDate "2012.03.31"]
[EventType "swiss"]
[EventRounds "9"]
[EventCountry "GER"]
[SourceTitle "EXT 2015"]
[Source "ChessBase"]
[SourceDate "2014.11.20"]
[SourceVersion "1"]
[SourceVersionDate "2014.11.20"]
[SourceQuality "1"]

1. e4 e6 2. d4 d5 3. Nc3 Nf6 4. e5 Nfd7 5. f4 c5 6. Nce2 Nc6 7. Nf3 Qb6 8. g3 Be7 9. Bh3 cxd4 10. Nexd4 Bc5 11. c3 Nxd4 12. Nxd4 Bxd4 13. Qxd4 Qxd4 14. cxd4 Nb6 15. b3 Bd7 16. Ba3 Rc8 17. Kd2 Bb5 18. Rhc1 Rc6 19. f5 Kd7 20. Rxc6 bxc6 21. Bc5 Rb8 22. a4 Ba6 23. Kc3 h6 24. fxe6+ fxe6 25. Ra2 Re8 26. Rf2 1-0